[Event "1. Bundesliga 2018/2019"]
[Site "Jenbach"]
[Date "2019.03.31"]
[Round "10"]
[Board "2"]
[White "Danin, Alexandre"]
[Black "Schneider, Ilja"]
[Result "1-0"]
[WhiteElo "2511"]
[BlackElo "2504"]
[PlyCount "69"]
[EventDate "2018.11.15"]
[EventType "team"]
[EventRounds "11"]
[EventCountry "AUT"]
[WhiteTeam "SV Raika Rapid Feffernitz"]
[BlackTeam "SK Hohenems"]

1.e4 c6 2.d4 d5 3.exd5 cxd5 4.c4 Nf6 5.Nc3 Nc6 6.Nf3 Be6 7.Bg5 Ne4 8.Be2 f6 9.cxd5
Nxc3 10.bxc3 Bxd5 11.Be3 e6 12.O-O Be7 13.c4 Be4 14.Nd2 Bg6 15.Nb3 O-O 16.Qd2 Nb4
17.Rfc1 Rc8 18.a3 Na6 19.Bf3 Rc7 20.Na5 Qc8 21.Bf4 e5 22.dxe5 Nc5 23.exf6 Bxf6 24.Bxc7
Qxc7 25.Ra2 Bd8 26.Nxb7 Nxb7 27.Qd5+ Rf7 28.Re2 Kf8 29.Rd1 Bf6 30.Qb5 Qc8 31.Bg4 Qa8
32.Bd7 Be7 33.Bc6 Bxa3 34.Re8+ Qxe8 35.Bxe8 1-0

[Event "1. Bundesliga 2018/2019"]
[Site "Jenbach"]
[Date "2019.03.31"]
[Round "10"]
[Board "3"]
[White "Baldauf, Marco"]
[Black "Schreiner, Peter"]
[Result "1/2-1/2"]
[WhiteElo "2493"]
[BlackElo "2477"]
[PlyCount "55"]
[EventDate "2018.11.15"]
[EventType "team"]
[EventRounds "11"]
[EventCountry "AUT"]
[WhiteTeam "SK Hohenems"]
[BlackTeam "SV Raika Rapid Feffernitz"]

1.d4 d5 2.c4 c6 3.Nf3 Nf6 4.Nc3 e6 5.Bg5 dxc4 6.e4 b5 7.e5 h6 8.Bh4 g5 9.Nxg5 hxg5
10.Bxg5 Nbd7 11.exf6 Bb7 12.g3 c5 13.d5 Qb6 14.Bg2 b4 15.Rb1 O-O-O 16.O-O Qa6 17.dxe6
Bxg2 18.e7 Bxf1 19.Qd5 Bxe7 20.fxe7 Bd3 21.Ne4 Bxb1 22.Nd6+ Kc7 23.Bf4 Kb6 24.Nxc4+
Kb5 25.Nd6+ Kb6 26.Nc4+ Kb5 27.Nd6+ Kb6 28.Nc4+ 1/2-1/2

[Event "1. Bundesliga 2018/2019"]
[Site "Jenbach"]
[Date "2019.03.31"]
[Round "10"]
[Board "4"]
[White "Diermair, Andreas"]
[Black "Froewis, Georg"]
[Result "1/2-1/2"]
[WhiteElo "2482"]
[BlackElo "2438"]
[PlyCount "60"]
[EventDate "2018.11.15"]
[EventType "team"]
[EventRounds "11"]
[EventCountry "AUT"]
[WhiteTeam "SV Raika Rapid Feffernitz"]
[BlackTeam "SK Hohenems"]

1.d4 d5 2.c4 e6 3.Nc3 c6 4.e3 Nf6 5.Nf3 Nbd7 6.Qc2 Bd6 7.Bd3 O-O 8.O-O e5 9.cxd5 cxd5
10.e4 exd4 11.Nxd5 Nxd5 12.exd5 h6 13.Nxd4 Qh4 14.Nf3 Qh5 15.Bh7+ Kh8 16.Qf5 Qxf5
17.Bxf5 Nf6 18.Bxc8 Rfxc8 19.Rd1 Rd8 20.Be3 Bf8 21.Rac1 Nxd5 22.Bd4 Nb4 23.a3 Nc6
24.Be3 Kg8 25.Kf1 f6 26.h4 Be7 27.Ke2 Kf7 28.Nd4 Nxd4+ 29.Rxd4 Rxd4 30.Bxd4 Bd6 1/2-1/2

[Event "1. Bundesliga 2018/2019"]
[Site "Jenbach"]
[Date "2019.03.31"]
[Round "10"]
[Board "5"]
[White "Baenziger, Fabian"]
[Black "Sebenik, Matej"]
[Result "0-1"]
[WhiteElo "2349"]
[BlackElo "2517"]
[PlyCount "70"]
[EventDate "2018.11.15"]
[EventType "team"]
[EventRounds "11"]
[EventCountry "AUT"]
[WhiteTeam "SK Hohenems"]
[BlackTeam "SV Raika Rapid Feffernitz"]

1.d4 Nf6 2.Nf3 g6 3.c4 Bg7 4.Nc3 O-O 5.e4 d6 6.Be2 e5 7.d5 a5 8.Bg5 h6 9.Be3 Ng4 10.Bd2
f5 11.h3 Nf6 12.exf5 gxf5 13.g4 fxg4 14.hxg4 Nxg4 15.Be3 Na6 16.Qd2 Nxe3 17.fxe3 Nc5
18.O-O-O Bg4 19.Nh2 Bd7 20.Rdg1 Rf5 21.Ng4 Rg5 22.e4 Qe7 23.Nxh6+ Bxh6 24.Rxg5+ Qxg5
25.Rxh6 Qg1+ 26.Kc2 Rf8 27.Bh5 Rf2 28.Ne2 Nxe4 29.Qxa5 Qf1 30.Qa8+ Rf8 31.Qa3 Bf5
32.Qe3 Qf2 33.Qc1 Nf6+ 34.Kd2 Kg7 35.Kc3 Ne4+ 0-1

[Event "1. Bundesliga 2018/2019"]
[Site "Jenbach"]
[Date "2019.03.31"]
[Round "10"]
[Board "6"]
[White "Kavcic, Zan"]
[Black "Novkovic, Milan"]
[Result "0-1"]
[WhiteElo "2379"]
[BlackElo "2354"]
[PlyCount "74"]
[EventDate "2018.11.15"]
[EventType "team"]
[EventRounds "11"]
[EventCountry "AUT"]
[WhiteTeam "SV Raika Rapid Feffernitz"]
[BlackTeam "SK Hohenems"]

1.e4 e6 2.d4 d5 3.Nc3 Nf6 4.e5 Nfd7 5.f4 c5 6.Nf3 Nc6 7.Be3 cxd4 8.Nxd4 a6 9.Qd2 Bc5
10.O-O-O Nxd4 11.Bxd4 Qc7 12.h4 b5 13.h5 O-O 14.Qe3 b4 15.Na4 Bxd4 16.Qxd4 a5 17.h6
g6 18.g4 Ba6 19.b3 Rfc8 20.Rd2 Qa7 21.Bxa6 Qxd4 22.Rxd4 Rxa6 23.Re1 Rac6 24.Re2 Kf8
25.f5 Ke7 26.Kd1 gxf5 27.gxf5 Rg8 28.fxe6 fxe6 29.Nb2 Nc5 30.Na4 Ne4 31.Kc1 Rg5 32.Kb2
Rxe5 33.a3 bxa3+ 34.Kxa3 Rh5 35.c4 Nf6 36.cxd5 Nxd5 37.Nb2 Nc3 0-1

[Event "1. Bundesliga 2018/2019"]
[Site "Jenbach"]
[Date "2019.03.31"]
[Round "10"]
[Board "1"]
[White "Lizak, Peter"]
[Black "Nisipeanu, Liviu-Dieter"]
[Result "0-1"]
[WhiteElo "2472"]
[BlackElo "2680"]
[PlyCount "82"]
[EventDate "2018.11.15"]
[EventType "team"]
[EventRounds "11"]
[EventCountry "AUT"]
[WhiteTeam "Data Technology Pressbaum"]
[BlackTeam "Schachklub Sparkasse Jenbach"]

1.d4 Nf6 2.Nc3 d5 3.Bf4 c5 4.e3 cxd4 5.exd4 a6 6.Nf3 Bg4 7.h3 Bxf3 8.Qxf3 e6 9.g4
Bb4 10.a3 Qa5 11.Rb1 Be7 12.b4 Qd8 13.Bd3 Nc6 14.Ne2 O-O 15.h4 Re8 16.Kf1 Bd6 17.Bxd6
Qxd6 18.g5 Ne4 19.Bxe4 dxe4 20.Qxe4 b5 21.c3 e5 22.d5 Ne7 23.c4 bxc4 24.Nc3 Qd7 25.h5
Nf5 26.h6 Nd6 27.Qf3 e4 28.Qf4 Nb5 29.Nxb5 axb5 30.Re1 Qxd5 31.Rh3 Ra6 32.hxg7 Rg6
33.Rg3 Kxg7 34.Ke2 e3 35.fxe3 Re4 36.Qf3 c3 37.Rd1 Qc4+ 38.Ke1 c2 39.Rc1 Rd6 40.Qe2
Qc3+ 41.Kf2 Rd2 0-1

[Event "1. Bundesliga 2018/2019"]
[Site "Jenbach"]
[Date "2019.03.31"]
[Round "10"]
[Board "2"]
[White "Volokitin, Andrei"]
[Black "Videki, Sandor"]
[Result "1-0"]
[WhiteElo "2637"]
[BlackElo "2380"]
[PlyCount "79"]
[EventDate "2018.11.15"]
[EventType "team"]
[EventRounds "11"]
[EventCountry "AUT"]
[WhiteTeam "Schachklub Sparkasse Jenbach"]
[BlackTeam "Data Technology Pressbaum"]

1.e4 e6 2.d4 d5 3.Nc3 Bb4 4.e5 c5 5.a3 Bxc3+ 6.bxc3 Ne7 7.Qg4 cxd4 8.Qxg7 Rg8 9.Qxh7
Qc7 10.Ne2 Nbc6 11.f4 dxc3 12.Nxc3 Nd4 13.Bb2 Bd7 14.O-O-O Qb6 15.Qd3 Ndf5 16.Nb5
Rc8 17.g3 a6 18.Nd6+ Nxd6 19.exd6 Qxd6 20.Qh7 Bb5 21.Bxb5+ axb5 22.Rhe1 Rg6 23.Re2
Rc4 24.Qh8+ Kd7 25.Qf8 f5 26.Rd3 Rg8 27.Qf7 Rgc8 28.Bf6 R8c5 29.h4 Re4 30.Rh2 b4 31.Rb3
Rcc4 32.h5 Qc5 33.Qxe7+ Qxe7 34.Bxe7 Kxe7 35.h6 Rc8 36.h7 Rh8 37.Rxb4 Rxb4 38.axb4
Kf7 39.Kd2 Kg7 40.Kd3 1-0

[Event "1. Bundesliga 2018/2019"]
[Site "Jenbach"]
[Date "2019.03.31"]
[Round "10"]
[Board "3"]
[White "Hechl, Gerald"]
[Black "Wagner, Dennis"]
[Result "1/2-1/2"]
[WhiteElo "2356"]
[BlackElo "2577"]
[PlyCount "61"]
[EventDate "2018.11.15"]
[EventType "team"]
[EventRounds "11"]
[EventCountry "AUT"]
[WhiteTeam "Data Technology Pressbaum"]
[BlackTeam "Schachklub Sparkasse Jenbach"]

1.d4 Nf6 2.Nc3 d5 3.Bf4 c5 4.e3 cxd4 5.exd4 a6 6.Nf3 Nc6 7.Ne5 Bd7 8.Be2 e6 9.a3 Rc8
10.O-O Qb6 11.Nxc6 Bxc6 12.Qd2 Be7 13.Rfe1 O-O 14.Bf3 Ne4 15.Nxe4 dxe4 16.Be2 Rfd8
17.c3 Bf6 18.Bg4 Qa5 19.Qe3 h5 20.Be2 Qf5 21.h3 Rd7 22.a4 Rcd8 23.g4 Qg6 24.Qg3 hxg4
25.hxg4 Bg5 26.Be3 Bxe3 27.fxe3 Rd5 28.Kg2 Rg5 29.Rh1 e5 30.Rh4 Kf8 31.Rf1 1/2-1/2

[Event "1. Bundesliga 2018/2019"]
[Site "Jenbach"]
[Date "2019.03.31"]
[Round "10"]
[Board "4"]
[White "Shengelia, David"]
[Black "Ganaus, Hannes"]
[Result "1-0"]
[WhiteElo "2530"]
[BlackElo "2242"]
[PlyCount "79"]
[EventDate "2018.11.15"]
[EventType "team"]
[EventRounds "11"]
[EventCountry "AUT"]
[WhiteTeam "Schachklub Sparkasse Jenbach"]
[BlackTeam "Data Technology Pressbaum"]

1.d4 d5 2.Nf3 Nd7 3.Bf4 Nb6 4.e3 Bf5 5.Nbd2 e6 6.c3 Be7 7.Ne5 f6 8.Nd3 c6 9.g4 Bg6
10.Qb3 Bf7 11.a4 Qc8 12.h4 h6 13.Bg3 Nd7 14.c4 Bd8 15.cxd5 exd5 16.Nf4 Ne7 17.Rc1
Ba5 18.Bd3 Nb6 19.f3 Nc4 20.Bxc4 dxc4 21.Qc2 Qd7 22.Kf2 Bxd2 23.Qxd2 a5 24.e4 b5 25.axb5
cxb5 26.d5 a4 27.Kg2 Ng6 28.Qb4 Nxf4+ 29.Bxf4 Bg6 30.Kg3 h5 31.g5 Kf7 32.Rhe1 Rhe8
33.Kh2 Ra6 34.Rcd1 Kg8 35.d6 fxg5 36.Bxg5 Rf8 37.Re3 Raa8 38.Rg1 Bxe4 39.fxe4 Rf2+
40.Rg2 1-0

[Event "1. Bundesliga 2018/2019"]
[Site "Jenbach"]
[Date "2019.03.31"]
[Round "10"]
[Board "5"]
[White "Neumeier, Klaus"]
[Black "Boensch, Uwe"]
[Result "1/2-1/2"]
[WhiteElo "2315"]
[BlackElo "2525"]
[PlyCount "61"]
[EventDate "2018.11.15"]
[EventType "team"]
[EventRounds "11"]
[EventCountry "AUT"]
[WhiteTeam "Data Technology Pressbaum"]
[BlackTeam "Schachklub Sparkasse Jenbach"]

1.Nf3 d5 2.g3 Nf6 3.Bg2 c5 4.O-O Nc6 5.d4 e6 6.c4 dxc4 7.dxc5 Qa5 8.Qc2 Qa6 9.Nbd2
Bxc5 10.Qxc4 Qxc4 11.Nxc4 Bd7 12.a3 Rd8 13.b4 Be7 14.Bb2 O-O 15.Rfd1 Nb8 16.Nfe5 Bc8
17.Na5 Nd5 18.Rd2 f6 19.Nf3 b6 20.Nb3 Bd7 21.Rc1 Rc8 22.e4 Rxc1+ 23.Nxc1 Nc7 24.Ne2
e5 25.Nc3 Rd8 26.Bf1 Be6 27.Rxd8+ Bxd8 28.Nd2 Nc6 29.Nb5 Kf8 30.Nxc7 Bxc7 31.Bb5 1/2-1/2

[Event "1. Bundesliga 2018/2019"]
[Site "Jenbach"]
[Date "2019.03.31"]
[Round "10"]
[Board "6"]
[White "Schlosser, Philipp"]
[Black "Wandl, Werner"]
[Result "1-0"]
[WhiteElo "2519"]
[BlackElo "2023"]
[PlyCount "111"]
[EventDate "2018.11.15"]
[EventType "team"]
[EventRounds "11"]
[EventCountry "AUT"]
[WhiteTeam "Schachklub Sparkasse Jenbach"]
[BlackTeam "Data Technology Pressbaum"]

1.Nf3 d5 2.g3 b6 3.c4 Bb7 4.cxd5 Qxd5 5.Bg2 Qh5 6.Nc3 e5 7.h3 e4 8.g4 Qg6 9.Nh4 Qe6
10.d3 Nd7 11.Nxe4 Be7 12.Nf5 Kf8 13.Bd2 Rb8 14.Bc3 Bf6 15.Qd2 h6 16.O-O g6 17.Nfg3
c5 18.f4 Bxc3 19.Qxc3 Ngf6 20.f5 gxf5 21.Rxf5 Nxe4 22.Bxe4 Rg8 23.Raf1 Rg7 24.Nh5
Rh7 25.Nf6 Rg7 26.Nxd7+ Qxd7 27.Bxb7 Rxb7 28.Qf6 Qd4+ 29.Qxd4 cxd4 30.Rc1 Rg5 31.Rf4
Rd7 32.Rc4 Rgd5 33.h4 Kg7 34.Kf2 R5d6 35.Kf3 Kg6 36.a4 a6 37.b4 Kg7 38.h5 Rd5 39.Rc6
R5d6 40.Rxd6 Rxd6 41.e3 dxe3 42.Kxe3 Kf8 43.Rc4 Re6+ 44.Kf4 Rd6 45.Ke4 Ke7 46.Rc7+
Kf6 47.d4 b5 48.axb5 axb5 49.Rc5 Rb6 50.d5 Ke7 51.Ke5 Rb8 52.d6+ Kf8 53.d7 f6+ 54.Kd6
Kf7 55.Rc8 Rb6+ 56.Kc5 1-0

[Event "1. Bundesliga 2018/2019"]
[Site "Jenbach"]
[Date "2019.03.31"]
[Round "10"]
[Board "1"]
[White "Schramm, Christian"]
[Black "Antoniewski, Rafal"]
[Result "1/2-1/2"]
[WhiteElo "2360"]
[BlackElo "2500"]
[PlyCount "100"]
[EventDate "2018.11.15"]
[EventType "team"]
[EventRounds "11"]
[EventCountry "AUT"]
[WhiteTeam "SIR Salzburg"]
[BlackTeam "SV Pillenkoenig St. Veit"]

1.e4 c5 2.Nf3 d6 3.d4 cxd4 4.Nxd4 Nf6 5.Nc3 Bd7 6.Be2 e5 7.Nb3 Bc6 8.Bf3 Be7 9.O-O
O-O 10.Qe2 Nbd7 11.Rd1 a6 12.a4 b6 13.Be3 Qc7 14.Nd2 Rfc8 15.g4 h6 16.Bg2 b5 17.h4
Nh7 18.axb5 axb5 19.Rxa8 Rxa8 20.Nxb5 Bxb5 21.Qxb5 Qxc2 22.Rb1 Qc8 23.Qc4 Bxh4 24.Qxc8+
Rxc8 25.Bf1 Bg5 26.Nc4 Bxe3 27.Nxe3 Ng5 28.Nf5 Rc2 29.b4 Nf6 30.b5 Nfxe4 31.b6 Nf3+
32.Kh1 Rxf2 33.Bg2 Nc5 34.b7 Nxb7 35.Rxb7 e4 36.Re7 d5 37.Rd7 Re2 38.Bxf3 exf3 39.Kg1
Rg2+ 40.Kf1 Rxg4 41.Kf2 h5 42.Kxf3 Rg1 43.Ne7+ Kh7 44.Nxd5 Kh6 45.Ne3 f6 46.Nf5+ Kh7
47.Ra7 Rf1+ 48.Ke4 Re1+ 49.Kf4 Rg1 50.Rb7 Rf1+ 1/2-1/2

[Event "1. Bundesliga 2018/2019"]
[Site "Jenbach"]
[Date "2019.03.31"]
[Round "10"]
[Board "2"]
[White "Rogic, Davor"]
[Black "Durakovic, Alman"]
[Result "1-0"]
[WhiteElo "2499"]
[BlackElo "2283"]
[PlyCount "93"]
[EventDate "2018.11.15"]
[EventType "team"]
[EventRounds "11"]
[EventCountry "AUT"]
[WhiteTeam "SV Pillenkoenig St. Veit"]
[BlackTeam "SIR Salzburg"]

1.e4 c6 2.d4 g6 3.Nf3 Bg7 4.c3 d5 5.Nbd2 dxe4 6.Nxe4 Nf6 7.Nxf6+ exf6 8.Bc4 O-O 9.O-O
a5 10.a4 Na6 11.d5 cxd5 12.Bxd5 Nc7 13.Bb3 Be6 14.Nd4 Bxb3 15.Qxb3 Qd5 16.Be3 Qxb3
17.Nxb3 Nd5 18.Bd4 Rfb8 19.Nd2 Nf4 20.Rfe1 Nd3 21.Re3 Nf4 22.Nc4 Ne6 23.Rd3 b5 24.axb5
Rxb5 25.Be3 f5 26.g3 Bf6 27.Rd7 g5 28.Rxf7 Kxf7 29.Nd6+ Kg6 30.Nxb5 f4 31.Ba7 Nc7
32.Nxc7 Rxa7 33.Nb5 Ra6 34.gxf4 gxf4 35.Kg2 Bd8 36.Rd1 Bf6 37.Rd6 Ra8 38.Kf3 Kf5 39.Rd7
Rb8 40.Rb7 Rd8 41.Rxh7 Rd2 42.Ra7 Bd8 43.Nd4+ Kg6 44.Rb7 Bf6 45.Ne2 Be5 46.Rb5 Rd3+
47.Kg4 1-0

[Event "1. Bundesliga 2018/2019"]
[Site "Jenbach"]
[Date "2019.03.31"]
[Round "10"]
[Board "3"]
[White "Oberhofer, Cedric"]
[Black "Koop, Thorben"]
[Result "1/2-1/2"]
[WhiteElo "2212"]
[BlackElo "2350"]
[PlyCount "72"]
[EventDate "2018.11.15"]
[EventType "team"]
[EventRounds "11"]
[EventCountry "AUT"]
[WhiteTeam "SIR Salzburg"]
[BlackTeam "SV Pillenkoenig St. Veit"]

1.d4 d6 2.Nf3 Nf6 3.c4 g6 4.g3 c6 5.Bg2 Be6 6.b3 Qc8 7.Ng5 Bd7 8.Nc3 h6 9.Nf3 Bh3
10.O-O Bg7 11.Bb2 O-O 12.e4 Bxg2 13.Kxg2 Nfd7 14.Qd2 a6 15.Rac1 b5 16.Nd1 c5 17.d5
Nf6 18.e5 dxe5 19.Bxe5 Nbd7 20.Ba1 Qb7 21.Ne3 Rad8 22.Rfd1 b4 23.Kg1 Ne4 24.Qd3 Nc3
25.Bxc3 Bxc3 26.Rxc3 bxc3 27.Ng4 h5 28.Nge5 Nxe5 29.Nxe5 Rd6 30.Qxc3 Rfd8 31.Re1 e6
32.Nc6 Rxc6 33.dxc6 Qxc6 34.h4 Rd4 35.b4 Qd6 36.a3 e5 1/2-1/2

[Event "1. Bundesliga 2018/2019"]
[Site "Jenbach"]
[Date "2019.03.31"]
[Round "10"]
[Board "4"]
[White "Mazi, Leon"]
[Black "Leeb, Simon"]
[Result "1-0"]
[WhiteElo "2327"]
[BlackElo "2178"]
[PlyCount "93"]
[EventDate "2018.11.15"]
[EventType "team"]
[EventRounds "11"]
[EventCountry "AUT"]
[WhiteTeam "SV Pillenkoenig St. Veit"]
[BlackTeam "SIR Salzburg"]

1.e4 c6 2.Nc3 d5 3.d4 dxe4 4.Nxe4 Bf5 5.Ng3 Bg6 6.Nh3 e6 7.Nf4 Bd6 8.h4 Qc7 9.Nxg6
hxg6 10.Ne4 Bf4 11.Bxf4 Qxf4 12.Ng5 Nf6 13.g3 Qd6 14.c3 Qd5 15.Rg1 Nbd7 16.Bg2 Qf5
17.Qe2 O-O 18.O-O-O Rac8 19.Rge1 Qa5 20.Kb1 b5 21.Qc2 b4 22.c4 Qf5 23.Rd3 Qa5 24.Rdd1
Qf5 25.Rd3 Qa5 26.Rh1 Rfd8 27.Bh3 Nf8 28.f4 Rd6 29.c5 Rd7 30.Nf3 Qb5 31.Ne5 Rdd8 32.Bf1
Qa5 33.Bg2 Qb5 34.Bf3 a5 35.h5 gxh5 36.Bxh5 Nxh5 37.Rxh5 f6 38.Nc4 Rd7 39.g4 Rcd8
40.Nd6 Qa6 41.Rd1 a4 42.f5 exf5 43.gxf5 Rxd6 44.cxd6 Rxd6 45.Qh2 Rd8 46.Rh8+ Kf7 47.Qc7+ 1-0

[Event "1. Bundesliga 2018/2019"]
[Site "Jenbach"]
[Date "2019.03.31"]
[Round "10"]
[Board "5"]
[White "Pflug, Mathias"]
[Black "Riemelmoser, Franz"]
[Result "1-0"]
[WhiteElo "2267"]
[BlackElo "2277"]
[PlyCount "155"]
[EventDate "2018.11.15"]
[EventType "team"]
[EventRounds "11"]
[EventCountry "AUT"]
[WhiteTeam "SIR Salzburg"]
[BlackTeam "SV Pillenkoenig St. Veit"]

1.e4 e6 2.d4 d5 3.Nc3 Bb4 4.e5 Ne7 5.a3 Bxc3+ 6.bxc3 c5 7.Qg4 cxd4 8.Qxg7 Rg8 9.Qxh7
Qc7 10.Ne2 Nbc6 11.f4 dxc3 12.Qd3 d4 13.Nxd4 Nxd4 14.Qxd4 Bd7 15.Rg1 Nf5 16.Qf2 Qc6
17.Bd3 Qd5 18.Rb1 Bc6 19.Rb3 O-O-O 20.Rxc3 Kb8 21.g4 Nd4 22.Rg3 Nf3+ 23.Ke2 Nd4+ 24.Ke1
Qh1+ 25.Bf1 Rd7 26.Be3 Rgd8 27.Bxd4 Rxd4 28.Rcd3 Re4+ 29.Rge3 Rh8 30.Rxe4 Bxe4 31.Rd2
Bd5 32.Qd4 Rc8 33.Rf2 Qg1 34.Rd2 Qxg4 35.c4 Bc6 36.Qd6+ Ka8 37.Qd8 Rb8 38.Qd4 a6 39.Be2
Qg2 40.Bf1 Qf3 41.Rd3 Qh1 42.Qf2 Rg8 43.Kd2 Kb8 44.Kc3 Rc8 45.Kb3 Ba4+ 46.Kb4 Bc6
47.Kb3 Be8 48.Qg2 Qxg2 49.Bxg2 Kc7 50.h4 Bd7 51.h5 Rh8 52.Rh3 Rh6 53.Bf3 b6 54.Rg3
Be8 55.Rg8 Kd7 56.c5 bxc5 57.Kc4 Ke7 58.Kxc5 Bb5 59.Rb8 Bf1 60.a4 Bd3 61.a5 Bf1 62.Kb6
Bd3 63.Ra8 Bf1 64.Rxa6 Bxa6 65.Kxa6 f6 66.Kb7 fxe5 67.fxe5 Rh7 68.a6 Rf7 69.Bc6 Kd8+
70.Kb8 Rc7 71.a7 Rxc6 72.a8=Q Rc5 73.Kb7+ Kd7 74.Qa4+ Kd8 75.Qd4+ Rd5 76.Qb6+ Ke7
77.h6 Kf7 78.Qc7+ 1-0

[Event "1. Bundesliga 2018/2019"]
[Site "Jenbach"]
[Date "2019.03.31"]
[Round "10"]
[Board "6"]
[White "Dietmayer-Kraeutler, Marco"]
[Black "Prodinger, Johannes"]
[Result "1-0"]
[WhiteElo "2340"]
[BlackElo "1954"]
[PlyCount "87"]
[EventDate "2018.11.15"]
[EventType "team"]
[EventRounds "11"]
[EventCountry "AUT"]
[WhiteTeam "SV Pillenkoenig St. Veit"]
[BlackTeam "SIR Salzburg"]

1.d4 Nf6 2.c4 c5 3.d5 e6 4.Nc3 exd5 5.cxd5 d6 6.e4 g6 7.Nf3 Bg7 8.Bd3 O-O 9.h3 b5
10.Nxb5 Nxe4 11.O-O a6 12.Na3 Nf6 13.Nc4 Re8 14.Bf4 Bf8 15.Ne3 Nbd7 16.Bc2 Rb8 17.Bb3
Nb6 18.Qd2 Bd7 19.Rfe1 Bb5 20.Qa5 c4 21.a4 cxb3 22.axb5 Nbxd5 23.Qxd8 Rbxd8 24.Bg5
Ra8 25.bxa6 Nxe3 26.Bxf6 Nc2 27.Rxe8 Rxe8 28.Ra4 d5 29.Nd2 Ra8 30.Nxb3 Nb4 31.a7 Nc6
32.Bd4 Bg7 33.Bc5 Bxb2 34.Ra6 Nd8 35.Bb6 Ne6 36.Ra5 d4 37.Rd5 Kf8 38.Rd7 d3 39.Rxd3
Ke8 40.Kf1 Be5 41.Re3 Bf4 42.Re4 Kd7 43.Nc5+ Nxc5 44.Rxf4 1-0

[Event "1. Bundesliga 2018/2019"]
[Site "Jenbach"]
[Date "2019.03.31"]
[Round "10"]
[Board "1"]
[White "Menezes, Christoph"]
[Black "Michalik, Peter"]
[Result "0-1"]
[WhiteElo "2399"]
[BlackElo "2577"]
[PlyCount "78"]
[EventDate "2018.11.15"]
[EventType "team"]
[EventRounds "11"]
[EventCountry "AUT"]
[WhiteTeam "UNION Ansfelden"]
[BlackTeam "SK Mayrhofen/Zell/Zillertal"]

1.Nf3 Nf6 2.c4 e6 3.g3 d5 4.Bg2 dxc4 5.Qa4+ Bd7 6.Qxc4 c5 7.Ne5 Qc8 8.Qd3 Nc6 9.Nxd7
Nxd7 10.Nc3 Be7 11.O-O O-O 12.Qb5 a6 13.Qa4 b5 14.Qe4 Nde5 15.f4 f5 16.Qe3 Nf7 17.Qf3
Nfd8 18.d3 Ra7 19.Bd2 Rd7 20.Rfd1 Rd6 21.Rac1 Qd7 22.Be3 Nd4 23.Qf2 Nf7 24.Nb1 Rc8
25.Kh1 Bf6 26.Nd2 e5 27.Rf1 exf4 28.Bxf4 Be5 29.Be3 Nh6 30.h3 Bxg3 31.Qxg3 Nxe2 32.Qf2
Nxc1 33.Rxc1 Rxd3 34.Rg1 Nf7 35.Nb3 Qe6 36.Bxc5 Ng5 37.Nd4 Qe5 38.b4 Ne4 39.Bxe4 Rxh3+ 0-1

[Event "1. Bundesliga 2018/2019"]
[Site "Jenbach"]
[Date "2019.03.31"]
[Round "10"]
[Board "2"]
[White "Lanka, Zigurds"]
[Black "Weiss, Christian"]
[Result "1/2-1/2"]
[WhiteElo "2403"]
[BlackElo "2373"]
[PlyCount "101"]
[EventDate "2018.11.15"]
[EventType "team"]
[EventRounds "11"]
[EventCountry "AUT"]
[WhiteTeam "SK Mayrhofen/Zell/Zillertal"]
[BlackTeam "UNION Ansfelden"]

1.e4 c6 2.d4 d5 3.exd5 cxd5 4.c4 Nf6 5.Nc3 g6 6.cxd5 Nxd5 7.Qb3 Nb6 8.Nf3 Bg7 9.Bb5+
Bd7 10.Ne5 O-O 11.Nxd7 N8xd7 12.O-O Nf6 13.Rd1 e6 14.Be2 Qe7 15.Bg5 h6 16.Bh4 Rad8
17.a4 g5 18.Bg3 Nbd5 19.Rac1 Nxc3 20.bxc3 Ne4 21.Bd3 Nxg3 22.hxg3 b6 23.Bb1 e5 24.Qc2
Rfe8 25.d5 Qc5 26.Qe4 Rd6 27.g4 Kf8 28.g3 Rc8 29.c4 Rc7 30.Bd3 Qb4 31.Ra1 Rc5 32.Kg2
Qc3 33.Re1 Qd4 34.Qe2 Bf6 35.Rac1 Ra5 36.Qd1 Qc5 37.Qb3 Qc7 38.Bc2 Rc5 39.Re4 a6 40.Rb1
Bd8 41.Bd3 b5 42.axb5 axb5 43.Qb2 Rb6 44.cxb5 Rxd5 45.Bc4 Rc5 46.Qe2 Kg7 47.Rd1 Rd6
48.Rxd6 Qxd6 49.Qf3 Qf6 50.Qxf6+ Kxf6 51.f4 1/2-1/2

[Event "1. Bundesliga 2018/2019"]
[Site "Jenbach"]
[Date "2019.03.31"]
[Round "10"]
[Board "3"]
[White "Felsberger, Alfred"]
[Black "Maiwald, Jens-Uwe"]
[Result "0-1"]
[WhiteElo "2345"]
[BlackElo "2432"]
[PlyCount "68"]
[EventDate "2018.11.15"]
[EventType "team"]
[EventRounds "11"]
[EventCountry "AUT"]
[WhiteTeam "UNION Ansfelden"]
[BlackTeam "SK Mayrhofen/Zell/Zillertal"]

1.e4 d6 2.d4 Nf6 3.Nc3 g6 4.Nf3 Bg7 5.Be2 O-O 6.O-O Bg4 7.Be3 Nc6 8.d5 Bxf3 9.Bxf3
Nb8 10.Be2 c6 11.f4 Nbd7 12.Bf3 Qc7 13.Qd2 Nb6 14.dxc6 bxc6 15.b3 Rad8 16.Rad1 Rfe8
17.Qd3 Qc8 18.a4 c5 19.a5 Nbd7 20.Nb5 a6 21.Na3 Nb8 22.Nc4 Qc7 23.c3 Nfd7 24.Rf2 Nc6
25.Ra2 Na7 26.Bf2 Nb5 27.Be1 Nb8 28.h4 Nc6 29.h5 e6 30.hxg6 hxg6 31.Ne3 d5 32.exd5
Qxf4 33.Bd2 Ne5 34.Qf1 Nxc3 0-1

[Event "1. Bundesliga 2018/2019"]
[Site "Jenbach"]
[Date "2019.03.31"]
[Round "10"]
[Board "4"]
[White "Hausner, Ivan"]
[Black "Mostbauer, Florian"]
[Result "1/2-1/2"]
[WhiteElo "2349"]
[BlackElo "2345"]
[PlyCount "62"]
[EventDate "2018.11.15"]
[EventType "team"]
[EventRounds "11"]
[EventCountry "AUT"]
[WhiteTeam "SK Mayrhofen/Zell/Zillertal"]
[BlackTeam "UNION Ansfelden"]

1.c4 c6 2.e4 d5 3.exd5 cxd5 4.d4 Nf6 5.Nc3 Nc6 6.Bg5 dxc4 7.Bxc4 h6 8.Be3 e6 9.Nf3
Bd6 10.O-O O-O 11.a3 b6 12.Qe2 Bb7 13.Rad1 Ne7 14.Ne5 Nfd5 15.Bd3 Nxe3 16.fxe3 Bxe5
17.dxe5 Qc7 18.Qh5 Ng6 19.Bxg6 fxg6 20.Qxg6 Qxe5 21.Qg3 Rxf1+ 22.Kxf1 Rf8+ 23.Kg1
Qf6 24.h3 e5 25.Rd7 Rf7 26.Rxf7 Kxf7 27.Qg4 Qe6 28.Qxe6+ Kxe6 29.Kf2 Bc6 30.e4 Kd6
31.b4 Be8 1/2-1/2

[Event "1. Bundesliga 2018/2019"]
[Site "Jenbach"]
[Date "2019.03.31"]
[Round "10"]
[Board "5"]
[White "Ennsberger, Ulrich"]
[Black "Kupfner, Franz"]
[Result "1-0"]
[WhiteElo "2253"]
[BlackElo "2133"]
[PlyCount "127"]
[EventDate "2018.11.15"]
[EventType "team"]
[EventRounds "11"]
[EventCountry "AUT"]
[WhiteTeam "UNION Ansfelden"]
[BlackTeam "SK Mayrhofen/Zell/Zillertal"]

1.e4 c5 2.Nf3 Nc6 3.Bb5 d6 4.d4 cxd4 5.Qxd4 Bd7 6.Bxc6 Bxc6 7.Nc3 Nf6 8.Bg5 e6 9.O-O-O
Be7 10.Rhe1 O-O 11.Qd2 Qc7 12.Nd4 a6 13.f4 Rfd8 14.f5 e5 15.Bxf6 Bxf6 16.Nf3 b5 17.Nd5
Bxd5 18.Qxd5 Rac8 19.Re2 Qb6 20.Qb3 Rc4 21.Rd5 h5 22.Qd3 Qc7 23.Kb1 b4 24.Rd2 Rc5
25.Rxd6 Rxd6 26.Qxd6 Rxc2 27.Qxc7 Rxc7 28.Rc2 Ra7 29.Rc8+ Kh7 30.Kc2 g6 31.Rc6 Kg7
32.fxg6 fxg6 33.Kb3 a5 34.Ka4 g5 35.h3 g4 36.hxg4 hxg4 37.Nh2 g3 38.Ng4 Bg5 39.Nxe5
Bf6 40.Nc4 Re7 41.Nd6 Kg6 42.b3 Kg5 43.Kxa5 Ra7+ 44.Ra6 Rxa6+ 45.Kxa6 Kf4 46.Nf5 Bc3
47.Kb5 Be1 48.Kc4 Kxe4 49.Nxg3+ Bxg3 50.Kxb4 Kd5 51.Kb5 Kd6 52.a4 Kc7 53.Ka6 Kb8 54.b4
Ka8 55.b5 Kb8 56.b6 Ka8 57.a5 Kb8 58.Kb5 Kb7 59.a6+ Ka8 60.Kc6 Kb8 61.a7+ Ka8 62.Kd7
Kb7 63.a8=Q+ Kxa8 64.Kc8 1-0

[Event "1. Bundesliga 2018/2019"]
[Site "Jenbach"]
[Date "2019.03.31"]
[Round "10"]
[Board "6"]
[White "Schiestl, Josef"]
[Black "Windhager, Hannes"]
[Result "0-1"]
[WhiteElo "2118"]
[BlackElo "2216"]
[PlyCount "119"]
[EventDate "2018.11.15"]
[EventType "team"]
[EventRounds "11"]
[EventCountry "AUT"]
[WhiteTeam "SK Mayrhofen/Zell/Zillertal"]
[BlackTeam "UNION Ansfelden"]

1.e4 c5 2.Nc3 Nc6 3.Bb5 d6 4.Nf3 Bd7 5.d4 cxd4 6.Nxd4 g6 7.Be3 Bg7 8.O-O Nf6 9.f3
O-O 10.Qd2 a6 11.Bc4 Rc8 12.Bb3 Na5 13.Rfd1 Qc7 14.Bh6 Nc4 15.Bxc4 Qxc4 16.Bxg7 Kxg7
17.Nb3 b5 18.a3 Qc7 19.Rac1 Be6 20.Nd4 Qc5 21.Qf2 Bc4 22.Nde2 Rc7 23.Nf4 Rfc8 24.Nd3
Qxf2+ 25.Kxf2 a5 26.Ke3 Nd7 27.Ne2 Nb6 28.b3 Be6 29.Nd4 Bd7 30.Kd2 e5 31.Ne2 Be6 32.Ne1
a4 33.Rb1 Ra7 34.Nc3 axb3 35.cxb3 Rxa3 36.Nxb5 Rxb3 37.Rxb3 Bxb3 38.Rb1 Ba2 39.Rc1
Rxc1 40.Kxc1 d5 41.Nc3 Bc4 42.exd5 Bxd5 43.Nxd5 Nxd5 44.Kd2 f5 45.g3 Kf6 46.Kd3 Ke6
47.Nc2 Kd6 48.Kc4 Kc6 49.Kd3 Kc5 50.Ne1 Nb4+ 51.Kc3 e4 52.fxe4 fxe4 53.Kd2 Kd4 54.Ke2
g5 55.h3 h5 56.h4 g4 57.Ng2 Nd5 58.Kd2 e3+ 59.Ke2 Nc3+ 60.Ke1 0-1